| 000 | 00369nam a22001457a 4500 | ||
|---|---|---|---|
| 020 | _a978-0-143-44233-2 | ||
| 082 |
_a823 _bMUR/U |
||
| 100 | _aMURTY, SUDHA | ||
| 245 | _aTHE UPSIDE DOWN KING | ||
| 260 |
_aGURGAON _bPENGUIN RANDOM HOUSE _c2018 |
||
| 300 | _a181 | ||
| 520 | _aUNUSUAL TALES ABOUT RAMA AND KRISHNA | ||
| 650 |
_aCHILDREN'S STORY BOOK _zINDIA |
||
| 942 | _cBK | ||
| 999 |
_c7617 _d7617 |
||